| 000 | 01016aam a2200241 a 4500 | ||
|---|---|---|---|
| 700 |
_aЗлатарски, Иван Василев _d1948- _gПреводач от английски език (художествена литература), инженер _9242826 |
||
| 999 |
_c329509 _d329509 |
||
| 003 | BLK | ||
| 005 | 20250616095033.0 | ||
| 008 | 180727b bul||||| |||| 00| 0 bul d | ||
| 020 | _a978-954-655-900-5 | ||
| 040 | _aBLK | ||
| 041 |
_aBUL _cBUL |
||
| 080 |
_aАмериканска литература (на САЩ) _b821.111(73) _z821.111(73)-312.4 |
||
| 100 |
_aКонъли, Майкъл _eпърви автор _91299 |
||
| 139 |
_aКонъли, Майкъл _bК 84 |
||
| 245 |
_aДълга тъмна нощ _bМайкъл Конъли; прев. Иван Златарски |
||
| 260 |
_bБард _c2018 _aСофия |
||
| 300 |
_a400 с. _c20 см |
||
| 380 | _aX | ||
| 852 |
_cП 820(73)-31/К 84 _bП |
||
| 942 |
_cKNG _2udc _n0 _0158 |
||
| 944 |
_k30542 _lРусанова Ирена |
||